Les présidents français depuis 1950 - Statistiques

Statistiques générales
  • Ce quiz a été pris 85 fois
  • Le résultat moyen est 8 sur 10
Statistiques - réponses
Date Président % Correct
1959-1969 Charles De Gaulle
99%
2017-présent Emmanuel Macron
99%
2012-2017 François Hollande
97%
2007-2012 Nicolas Sarkozy
96%
1995-2007 Jacques Chirac
95%
1974-1981 Valéry Giscard d'Estaing
95%
1969-1974 Georges Pompidou
90%
1981-1995 François Mitterrand
86%
1954-1959 René Coty
53%
1947-1954 Vincent Auriol
38%
Aucun quiz correspondant
Distribution des résultats
% des personnes avec chaque résultat
Percentile par nombre de réponses
Votre historique - résultats
Vous n’avez pas pris ce quiz